30 French Musical Acts by Songs - Statistics

General Stats
  • This quiz has been taken 219 times
  • The average score is 12 of 31
Answer Stats
Songs Artist/Band % Correct
Get Lucky, One More Time, Harder Better Faster Daft Punk
83%
Non, Je Ne Regrette Rien, La Vie En Rose, Milord Édith Piaf
82%
Titanium, Hey Mama, When Love Takes Over David Guetta
72%
Dernière Danse, Tourner Dans Le Vide, S.O.S. Indila
63%
Joe Le Taxi, Be My Baby, La Seine Vanessa Paradis
62%
Ella, Elle L’a, Poupée De Cire, Poupée De Son, Babacar France Gall
61%
J'ai Demandé À La Lune, L'Aventurier, Alice & June Indochine
53%
Désenchantée, Sans Contrefaçon, Je T'aime Mélancolie Mylène Farmer
52%
Words, Sahara Night, Pick Up The Phone F. R. David
51%
Moi… Lolita, J’en Ai Marre!, Gourmandises Alizée
49%
Let Me Love You, Taki Taki, Magenta Riddim DJ Snake
47%
Je Te Promets, L'envie, Vivre Pour Le Meilleur Johnny Hallyday
47%
En Feu, Cosmo, Victory Soprano
46%
Je Veux, On Ira, Le Passants Zaz
44%
Je T'aime... Moi Non Plus, Bonnie And Clyde, La Javanaise Serge Gainsbourg
40%
Voyage Voyage, John, Qui Sommes-Nous?" Desireless
39%
Désolé, Avant Qu'elle Parte, Ma Direction Sexion D'Assaut
37%
Le Temps De L'Amour, Comment Te Dire Adieu, Tous Les Garçons Et Les Filles Françoise Hardy
27%
Prayer In C, Down The Drain, Middle Of The Night Lilly Wood and the Prick
25%
Love Generation, World Hold On (Children of the Sky), Til The Sun Rise Up Bob Sinclar
24%
Nightcall, Odd Look, Roadgame Kavinsky
24%
Midnight City, Wait, Outro M83
23%
Lady (Hear Me Tonight), Chillin, What I Mean Modjo
22%
Born To Be Alive, Disco Queen, Back To Boogie Patrick Hernandez
21%
D.A.N.C.E., Stress, Civilization Justice
17%
Run Boy Run, Iron, I Love You Woodkid
16%
1901, Lisztomania, If I Ever Feel Better Phoenix
14%
Avec Le Temps, C'est Extra, Jolie Môme Léo Ferré
10%
Flat Beat, Positif, Pharmacist Mr. Oizo
9%
Stranded, Silvera, L'Enfant Sauvage Gojira
6%
Lone Digger, Rock It For Me, Wonderland Caravan Palace
5%
No matching quizzes found
Score Distribution
Percent of People with Each Score
Percentile by Number Answered
Your Score History
You have not taken this quiz